000 00907cab a2200313 4500
001 WB3003-23
008 090401t1994 xxu||||| |||| 00| 0 eng d
035 _a(Sirsi) u53348
041 _aeng
245 _aFour unitary councils replace Cleveland
260 _c1994
350 _a0
490 _aFinancial Times
_v19 January 1994, 7(1)
520 _aCleveland CC is to be replaced in April 1995 by four unitary councils: Hartlepool, Stockton-on-Tees, Middlesbrough and Redcar & Cleveland.
650 _aBoundary disputes
_96221
650 _aCLEVELAND CC
650 _aHARTLEPOOL
650 _aLANGBAURGH
650 _aLOCAL GOVERNMENT COMMISSION
650 _aLOCAL GOVERNMENT
650 _aMIDDLESBROUGH
650 _aREDCAR & CLEVELAND
650 _aSTOCKTON-ON-TEES
650 _aTEESIDE
650 _aUNITARY COUNCILS
690 _aLAND
942 _n0
948 _c04/03/1997
999 _c32892
_d32892